00466nam a2200181 u 45000010006000000050017000060080041000230350010000640350021000740400013000950410008001080820008001161000033001242450045001572600034002023000018002366500030002548492020260428111136.0960313s1920 spa  a84920 a(OCoLC)778225949 ccomduadb aspa 4a17210aBustillo, Pablo J.4auteaut10aLos tres ideales : patria-justicia moral aBarcelona :bTaberner,c1920. a194 páginas 7aÉtica política2embne